| 000 | 00394nam a2200157Ia 4500 | ||
|---|---|---|---|
| 008 | 230917s9999||||xx |||||||||||||| ||und|| | ||
| 040 |
_e229660 _aMAIN |
||
| 041 | _aEnglish | ||
| 082 | _a620.136 S59C(7) | ||
| 100 | _aShetty, M S | ||
| 245 | 0 | _aConcrete technology: Theory and practice | |
| 250 | _a7th ed. | ||
| 260 |
_aNew Delhi _bS Chand _c2015 |
||
| 300 | _axxvii, 600 p. | ||
| 942 | _cBK | ||
| 999 |
_c179222 _d179222 |
||